000 02112nam0a2200325 4500
001 RU\NLR\BIBL_A\011407157
005 20241103111944.0
010 _a9785984922500
_980
021 _aRU
_b2017-38833
_92832
035 _a(RuMoRGB)008897577
035 _a(NLR Aleph) 011407157
090 _a11538442
_c11538442
100 _a20170616d2017 k y0rusy50 ca
101 0 _arus
_aeng
_deng
102 _aRU
105 _aa z 100zy
200 1 _aПрикладная психология на службе развивающейся личности
_eсборник научных статей и материалов XV Научно-практической конференции с международным участием "Практическая психология образования XXI века. Прикладная психология на службе развивающейся личности", 9-10 февраля 2017 г., Коломна
_f[отв. редактор Р. В. Ершова, доктор психологических наук, профессор]
210 _aКоломна
_cГосударственный социально-гуманитарный университет
_d2017
215 _a267 с.
_cил.
_d21
300 _aЧасть текста и рез. на англ. яз.
320 _aБиблиогр. в конце ст.
606 _aКонсультативная психология
_jСъезды, совещания и т.п
_91365555
_3RU\NLR\AUTH\66571704
686 1 _aЮ949.2я431
702 1 _aЕршова
_bР. В.
_gРегина Вячеславовна
_4340
711 1 2 _a"Практическая психология образования XXI века. Прикладная психология на службе развивающейся личности", научно-практическая конференция с международным участием
_d15
_eКоломна
_f2017
_9561112
_3RU\NLR\AUTH\880448801
942 _cBOOK
980 _aNBR